[Event "SF-2011-0-00109"]
[Site "LSS email"]
[Date "2011.08.17"]
[Round "?"]
[White "Zwaneveld, Ansel"]
[Black "Zimmermann, Jan Erik"]
[Result "1-0"]
[WhiteElo "1116"]
[BlackElo "875"]
[PlyCount "37"]
[EventDate "2011.07.20"]
[EventType "tourn (corr)"]
[EventRounds "6"]
[EventCountry "GER"]
[SourceTitle "Telechess CBM 157"]
[Source "ChessBase"]
[SourceDate "2013.11.12"]
[SourceVersion "1"]
[SourceVersionDate "2013.11.12"]
[SourceQuality "1"]

1. Nf3 d5 2. g3 c6 3. Bg2 Nd7 4. 0-0 e5 5. d3 Bd6 6. c4 Ngf6 7. Nfd2 dxc4 8. Nxc4 Bc7 9. b3 0-0 10. Nc3 Nb6 11. Bg5 h6 12. Be3 Nbd5 13. Bd2 Re8 14. Ne4 Bf5 15. Nc5 Rb8 16. e4 b6 17. Na6 Rb7 18. Nxc7 Nxc7 19. exf5 1-0

[Event "OP-2011-0-01717"]
[Site "LSS email"]
[Date "2011.08.14"]
[Round "?"]
[White "Zimmermann, Jan Erik"]
[Black "Vontina, Maria"]
[Result "0-1"]
[WhiteElo "870"]
[BlackElo "800"]
[PlyCount "59"]
[EventDate "2011.08.10"]
[EventType "tourn (corr)"]
[EventRounds "4"]
[EventCountry "GER"]
[SourceTitle "Telechess CBM 151"]
[Source "ChessBase"]
[SourceDate "2012.11.13"]
[SourceVersion "1"]
[SourceVersionDate "2012.11.13"]
[SourceQuality "1"]

1. d4 Nf6 2. Bg5 e6 3. e4 Be7 4. e5 Ng8 5. Bxe7 Nxe7 6. Bd3 d5 7. Nf3 Ng6 8. h4 0-0 9. g3 Nd7 10. Ng5 a6 11. Nxh7 Kxh7 12. h5 Kg8 13. hxg6 fxg6 14. Bxg6 Qg5 15. Bd3 c5 16. c3 cxd4 17. cxd4 Nb6 18. Nd2 Bd7 19. Nf3 Qg4 20. Nh4 Qxd1+ 21. Rxd1 Rac8 22. Ng6 Rfe8 23. Nf4 Re7 24. Rh2 Nc4 25. Rb1 Na5 26. b3 Be8 27. Kd2 Nc6 28. Rbh1 g5 29. Rh8+ Kg7 30. R1h7# 0-1

[Event "LSS No Engine Cup 48 Preliminary 5"]
[Site "LSS email"]
[Date "2011.08.12"]
[Round "?"]
[White "Zimmermann, Jan Erik"]
[Black "Herzog, Klaus"]
[Result "0-1"]
[WhiteElo "870"]
[BlackElo "1791"]
[PlyCount "42"]
[EventDate "2011.08.13"]
[EventType "tourn (corr)"]
[EventRounds "6"]
[EventCountry "GER"]
[SourceTitle "Telechess CBM 149"]
[Source "ChessBase"]
[SourceDate "2012.07.17"]
[SourceVersion "1"]
[SourceVersionDate "2012.07.17"]
[SourceQuality "1"]

1. d4 Nf6 2. Bg5 Ne4 3. Bf4 c5 4. f3 Qa5+ 5. c3 Nf6 6. Nd2 cxd4 7. Nb3 Qb6 8. Qxd4 Nc6 9. Qxb6 axb6 10. e4 d5 11. e5 Nh5 12. Be3 Nxe5 13. Bxb6 Nc4 14. Bxc4 dxc4 15. Nd2 Be6 16. Ne2 Bd5 17. 0-0 e5 18. Bf2 Kd7 19. Rad1 Kc6 20. a3 f5 21. Ng3 Nxg3 0-1

[Event "OP-2011-0-01714"]
[Site "LSS email"]
[Date "2011.08.11"]
[Round "?"]
[White "Guaimare Rodriguez, Carlos Luis"]
[Black "Zimmermann, Jan Erik"]
[Result "1-0"]
[WhiteElo "1130"]
[BlackElo "870"]
[PlyCount "35"]
[EventDate "2011.08.08"]
[EventType "tourn (corr)"]
[EventRounds "4"]
[EventCountry "GER"]
[SourceTitle "Telechess CBM 151"]
[Source "ChessBase"]
[SourceDate "2012.11.13"]
[SourceVersion "1"]
[SourceVersionDate "2012.11.13"]
[SourceQuality "1"]

1. e4 c5 2. c3 e6 3. d4 Nc6 4. Nf3 Be7 5. Be2 Nf6 6. Nbd2 0-0 7. 0-0 cxd4 8. cxd4 d5 9. e5 Ne8 10. b3 Qb6 11. Bb2 f6 12. Re1 fxe5 13. dxe5 Bd7 14. Bd3 Nb4 15. Bb1 Bc5 16. Rf1 Bb5 17. a3 Nd3 18. Bxd3 1-0

[Event "ZN-2011-0-01621"]
[Site "LSS email"]
[Date "2011.07.22"]
[Round "?"]
[White "Lauer, Fredric"]
[Black "Zimmermann, Jan Erik"]
[Result "1/2-1/2"]
[WhiteElo "940"]
[BlackElo "901"]
[PlyCount "39"]
[EventDate "2011.07.16"]
[EventType "match (corr)"]
[EventRounds "2"]
[EventCountry "GER"]
[SourceTitle "Telechess CBM 145"]
[Source "Chessbase"]
[SourceDate "2011.11.11"]
[SourceVersion "1"]
[SourceVersionDate "2011.11.11"]
[SourceQuality "1"]

1. e4 c5 2. d4 Nc6 3. c3 d5 4. exd5 Qxd5 5. Nf3 Nf6 6. Be2 cxd4 7. cxd4 e6 8. 0-0 Be7 9. Nc3 Qd8 10. Be3 0-0 11. a3 b6 12. Rc1 Bb7 13. b4 Rc8 14. Ne5 Nxe5 15. dxe5 Qxd1 16. Rfxd1 Nd5 17. Nxd5 Bxd5 18. Rxc8 Rxc8 19. Rc1 Rxc1+ 20. Bxc1 1/2-1/2

[Event "OP-2011-0-01667"]
[Site "LSS email"]
[Date "2011.07.19"]
[Round "?"]
[White "Shukin, Emil"]
[Black "Zimmermann, Jan Erik"]
[Result "0-1"]
[WhiteElo "2220"]
[BlackElo "870"]
[PlyCount "25"]
[EventDate "2011.07.16"]
[EventType "tourn (corr)"]
[EventRounds "4"]
[EventCountry "GER"]
[SourceTitle "Corr 2015"]
[Source "ChessBase"]
[SourceDate "2015.07.17"]
[SourceVersion "1"]
[SourceVersionDate "2015.07.17"]
[SourceQuality "1"]

1. Nf3 d6 2. e4 Nf6 3. Nc3 g6 4. d4 Bg7 5. Bg5 c6 6. Qd2 0-0 7. Bh6 Bg4 8. h4 Kh8 9. 0-0-0 b5 10. Bxg7+ Kxg7 11. Qf4 Qc7 12. e5 dxe5 13. dxe5 0-1

[Event "SN-2011-0-00347"]
[Site "LSS email"]
[Date "2011.06.05"]
[Round "?"]
[White "Zimmermann, Jan Erik"]
[Black "Billion, Paul"]
[Result "1-0"]
[WhiteElo "785"]
[BlackElo "735"]
[PlyCount "61"]
[EventDate "2011.05.18"]
[EventType "tourn (corr)"]
[EventRounds "6"]
[EventCountry "GER"]
[SourceTitle "Telechess CBM 151"]
[Source "ChessBase"]
[SourceDate "2012.11.13"]
[SourceVersion "1"]
[SourceVersionDate "2012.11.13"]
[SourceQuality "1"]

1. d4 Nf6 2. Bg5 d5 3. Bxf6 exf6 4. g3 Bd6 5. Bg2 Be6 6. Nf3 0-0 7. 0-0 c6 8. e3 Nd7 9. Nbd2 Qc7 10. e4 Qb6 11. b3 c5 12. exd5 Bxd5 13. c4 Bxf3 14. Nxf3 Rad8 15. d5 Ne5 16. Qc2 Qc7 17. Rad1 h5 18. Nxe5 fxe5 19. Rd3 h4 20. gxh4 Qe7 21. Rh3 Qf6 22. h5 Qh6 23. Kh1 f5 24. Rg1 e4 25. Bf1 Rde8 26. Rg6 Qf4 27. h6 Kf7 28. Rxg7+ Kf6 29. Rhg3 Rh8 30. R3g6+ Ke5 31. Qc3# 1-0

[Event "RN-2011-0-00384"]
[Site "LSS email"]
[Date "2011.06.05"]
[Round "?"]
[White "Zimmermann, Jan Erik"]
[Black "Yangibayev, Rustam"]
[Result "1-0"]
[WhiteElo "901"]
[BlackElo "1400"]
[PlyCount "67"]
[EventDate "2011.05.15"]
[EventType "tourn (corr)"]
[EventRounds "6"]
[EventCountry "GER"]
[SourceTitle "Telechess CBM 145"]
[Source "Chessbase"]
[SourceDate "2011.11.11"]
[SourceVersion "1"]
[SourceVersionDate "2011.11.11"]
[SourceQuality "1"]

1. d4 d6 2. e4 e5 3. dxe5 dxe5 4. Qxd8+ Kxd8 5. Bc4 f6 6. Ne2 Bc5 7. Nbc3 c6 8. 0-0 a5 9. Kh1 b5 10. Bxg8 Rxg8 11. Bd2 Be6 12. f3 g5 13. Rad1 Ke7 14. a3 h6 15. Ng3 Kf7 16. Nb1 Bd4 17. c3 Ba7 18. b4 a4 19. Rde1 Rd8 20. Be3 Ba2 21. Bxa7 Rxa7 22. Rf2 Bxb1 23. Rxb1 Rad7 24. Kg1 Rd1+ 25. Rf1 Rxf1+ 26. Nxf1 Rd3 27. Rc1 Nd7 28. Kf2 Ke6 29. Ke2 Rd6 30. Ne3 Nb6 31. c4 Rd8 32. cxb5 cxb5 33. Rc5 Nc4 34. Nxc4 1-0

[Event "RN-2011-0-00384"]
[Site "LSS email"]
[Date "2011.06.04"]
[Round "?"]
[White "Vontina, Maria"]
[Black "Zimmermann, Jan Erik"]
[Result "0-1"]
[WhiteElo "652"]
[BlackElo "901"]
[PlyCount "50"]
[EventDate "2011.05.15"]
[EventType "tourn (corr)"]
[EventRounds "6"]
[EventCountry "GER"]
[SourceTitle "Telechess CBM 145"]
[Source "Chessbase"]
[SourceDate "2011.11.11"]
[SourceVersion "1"]
[SourceVersionDate "2011.11.11"]
[SourceQuality "1"]

1. e4 c5 2. Nf3 Nc6 3. d4 cxd4 4. Nxd4 e6 5. Nc3 Qb6 6. Nxc6 bxc6 7. Bd3 Be7 8. 0-0 Bf6 9. Rb1 Bxc3 10. b3 Bf6 11. Ba3 Ne7 12. Kh1 0-0 13. f4 Re8 14. e5 Bxe5 15. fxe5 Nd5 16. Bb2 Ne3 17. Qf3 Nxf1 18. Rxf1 Qc5 19. Bd4 Qe7 20. Qh5 g6 21. Qh3 d6 22. Rf6 Qf8 23. Bxg6 hxg6 24. exd6 e5 25. Qh4 exd4 0-1